00819nam a2200241Ia 4500001000900000003000500009005001700014008004100031010001100072020001800083040000900101082002000110100001900130245013400149260005600283300003400339500007300373503000800446650002700454650003100481700003000512700003500542dia_1186CHAP20230130105649.0220117s1986 xx 000 0 und d a171732 a968-880-069-4 cCHAP a515.35 E39 1986 aEdwards, C. H. aEcuaciones diferenciales elementales con aplicaciones /c C. H. Edwars y David E. Penney ; traducción Habacuc Pérez Castillo aMéxico :b Prentice-Hall Hispanoamericana,c1986 a1 v. (en varias paginaciones) aTitulo original: Elementary differential equations with applications aC/e aDifferential equations aEcuaciones diferenciales  aPenney, David E., coaut.  aPérez Castillo, Habacuc, tr.